000
00267nam a22001217a 4500
999
_c
170555
_d
170555
082
_a
_b
100
_a
Panikkar K N
245
_a
Aganist lord and state/
_c
by Panikkar K N.
260
_a
Clarendon:
_b
Oxford,
_c
2001.
300
_a
228p.
650
_a
942
_c
BK